|
|
|
|
| LEADER |
00955nam a2200289 4500 |
| 001 |
DLU090094856 |
| 005 |
##20091201 |
| 040 |
# |
# |
|a DLU
|b eng
|
| 041 |
# |
# |
|a eng
|
| 044 |
# |
# |
|a us
|
| 100 |
# |
# |
|a Hoh, Eunha.
|
| 245 |
# |
# |
|a Sources of toxaphene and other organochlorine pesticides in North America as determined by air measurements and potential source contribution function analyses /
|c Eunha Hoh, Ronald A. Hites.
|
| 653 |
# |
# |
|a Air pollution
|
| 653 |
# |
# |
|a Organic compounds
|
| 653 |
# |
# |
|a Organochlorine compounds
|
| 653 |
# |
# |
|a Pesticides
|
| 700 |
# |
# |
|a Hites, Ronald A.
|
| 773 |
# |
# |
|t Environmental Science & Technology
|g Vol. 38, no. 15 (August 2004), p. 4187-4194
|
| 920 |
# |
# |
|a Phòng Tạp chí -- Trung tâm Thông tin - Thư viện Trường Đại học Đà Lạt
|
| 994 |
# |
# |
|a DLU
|
| 900 |
# |
# |
|a True
|
| 911 |
# |
# |
|a Trương Bảo Trâm Anh
|
| 925 |
# |
# |
|a G
|
| 926 |
# |
# |
|a A
|
| 927 |
# |
# |
|a BB
|
| 980 |
# |
# |
|a Thư viện Trường Đại học Đà Lạt
|